000
00301nam a22001337a 4500
008
181214b xxu||||| |||| 00| 0 eng d
020
_a
9780759676565
041
_a
eng
080
_a
616.31
100
_a
5
101
_a
STO
245
_a
Complete To Dental Health
_c
Friedman.W
942
_2
udc
_c
BK
999
_c
53130
_d
53130